Obálka Náhled e-knihy:
Epub
Pro půjčování e-knih musíte být přihlášeni.
Jak si půjčit online?

Obsazeno /

Stejně jako v předcházející knize, i zde hrdinka Pavla tápe. Mezilidské vztahy, milostná dobrodružství, stále nové a nové pokusy o to prorazit s vlastní literární tvorbou, to vše hrdinku naplňuje a stresuje zároveň. Její rozčarování ze společnosti sedmdesátých a osmdesátých let dvacátého století je...

Celý popis

Uloženo v:
Série:Pavla, část 2
Hlavní autor: Nosková, Věra, 1947- (Autor)
Médium: E-kniha
Jazyk:Czech
Vydáno: Praha : Věra Nosková, 2011
Vydání:Vyd. 2.
Témata:
Příbuzné jednotky:Z cyklu:: Pavla
Tagy:
Žádné tagy
LEADER 01947nam a2200361 a 4500
001 292182
003 CZ PrSKC
005 20260407070740.0
007 ta
008 120305s2011 xr g 000 f cze
015 |a cnb002343425 
020 |a 9788087373170  |q (váz.) 
035 |a (OCoLC)791321951 
040 |a ABA001  |b cze 
072 7 |a 821.162.3-3  |x Česká próza  |2 Konspekt 
080 |a 821.162.3-31  |2 MRF 
080 |a (0:82-31)  |2 MRF 
100 1 |a Nosková, Věra,  |d 1947-  |7 jn20000401868  |4 aut  |4 pbl 
245 1 0 |a Obsazeno /  |c Věra Nosková 
250 |a Vyd. 2. 
260 |a Praha :  |b Věra Nosková,  |c 2011 
300 |a 185 s. ;  |c 21 cm 
520 2 |a Stejně jako v předcházející knize, i zde hrdinka Pavla tápe. Mezilidské vztahy, milostná dobrodružství, stále nové a nové pokusy o to prorazit s vlastní literární tvorbou, to vše hrdinku naplňuje a stresuje zároveň. Její rozčarování ze společnosti sedmdesátých a osmdesátých let dvacátého století je takřka hmatatelné. S jistou trpkostí a nenaplněnými tužbami se Pavla posléze vrací do jižních Čech, odkud předtím tak překotně a zdánlivě navždy, utíkala. 
520 2 |a Volné pokračování románu Bereme, co je. Hlavní hrdinka Pavla se ocitá ve vytoužené Praze, kde se snaží obhájit existenci a nalézt své místo v prapodivné normalizační společnosti. 
655 7 |a české romány  |7 fd133974  |2 czenas 
655 9 |a Czech fiction  |2 eczenas 
787 0 8 |i Z cyklu:  |t Pavla  |g 2 
900 |a ABA001  |b 18 
928 9 |a Klika 
044 |a xr 
910 |a RBIT002 
998 |d 1962  |a https://core.palmknihy.cz/api/books/1962/cover?q2bthr  |b https://core.palmknihy.cz/api/books/1962/cover/400?6oa5db  |c https://core.palmknihy.cz/api/books/1962/cover/50?60woim  |e   |g 185  |i 9788087373170  |j https://core.palmknihy.cz/api/books/1962/preview.epub  |l   |q 49  |r 1  |s https://www.palmknihy.cz/kniha/1962  |t ebook  |y 2012  |z 0  |v Bereme, co je  |w 2 
999 |d 292180